000 01016cab a22002415a 4500
001 L139273
008 070724e20070720xxka f 000 0 eng d
035 _a(Sirsi) u139273
041 0 _aeng
100 1 _aCochrane, Eleanor
245 0 0 _aSpecifier
_bregulations
260 _c2007
490 0 _aBuilding
_v272(8489) 20 July 2007, 62-70(7)
520 _aReports on the use of Sustainable Urban Drainage Systems (SUDS) on new developments, noting barriers to the adoption of SUDS, the five main categories of SUDS, and that SUDS are recommended in several government documents. Also explains the revised CDM Regulations 2007 and lists products to help meet various regulations in the built environment.
590 _aKA
650 2 4 _aSUSTAINABLE URBAN DRAINAGE SYSTEMS
650 2 4 _aCONSTRUCTION (DESIGN AND MANAGEMENT) REGULATIONS 2007
650 2 4 _aBUILDING REGULATIONS 2000
651 4 _aUnited Kingdom
_y
690 _aBUILT ENVIRONMENT-BUILDING STANDARDS
700 1 _aCaplehorn, Peter
942 _n0
999 _c79036
_d79036